Представление документа в формате RUSMARC

ПолеНазваниеЗначение
  Тип записи a
  Библиографический уровень m
001 Контрольный номер bc97770b5b374d228c4ddf89b44d54b3
005 Дата корректировки 20140625124033.1
010 Индекс ISBN __
a ISBN 978-5-91098-012-3
101 Язык документа 0_
a Язык текста rus
102 Страна публикации __
a Страна публикации RU
200 Заглавие и сведения об ответственности 1_
a Заглавие Венчурное инвестирование как фактор инновационного развития Российского Севера: правовые и экономические аспекты
e Сведения, относящиеся к заглавию монография
f Первые сведения об ответственности А. П. Шихвердиев [и др.] ; ред. А. П. Шихвердиев
g Последующие сведения об ответственности АНО ВПО ЦС РФ РУК, Сыктывкар. фил.
210 Выходные данные 1_
c Издательство Сыктывкар. фил. АНО ВПО ЦС РФ РУК
a Место издания Сыктывкар
d Дата издания 2007
215 Физическое описание __
a Объем 188, [2] с.
607 Географические рубрики __
a Географическое наименование филиал
b Сыктывкар
610 Ключевые слова 0_
a Ключевые слова инвестиции
610 Ключевые слова 0_
a Ключевые слова венчурное инвестирование
610 Ключевые слова 0_
a Ключевые слова инновации
610 Ключевые слова 0_
a Ключевые слова коми
610 Ключевые слова 0_
a Ключевые слова монография
686 Индексы других классификаций __
a Классификационный индекс 65.9(2)-56
2 Код системы rubbk
701 Альтернативная интеллектуальная ответственность _1
a Фамилия Шихвердиев
b Имя А. П.
701 Альтернативная интеллектуальная ответственность _1
a Фамилия Вишняков
b Имя А. А.
701 Альтернативная интеллектуальная ответственность _1
a Фамилия Полтавская
b Имя Г. П.
701 Альтернативная интеллектуальная ответственность _1
a Фамилия Бойков
b Имя В. К.
701 Альтернативная интеллектуальная ответственность _1
a Фамилия Ткачев
b Имя С. А.
702 Вторичная интеллектуальная ответственность _1
a Фамилия Шихвердиев
b Имя А. П.
4 Код отношения 340
711 Наименование организации. (Альтернативная ответственность) 02
a Организация/ юрисдикция АНО ВПО ЦС РФ РУК
711 Наименование организации. (Альтернативная ответственность) 02
a Организация/ юрисдикция Сыктывкар. фил.
801 Источник записи _0
a Страна RU
b Организация РУК
c Дата составления 20080117
g Правила каталогизации PSBO
801 Источник записи _1
a Страна RU
b Организация РУК
c Дата составления 20080117
g Правила каталогизации PSBO
852 Данные о местонахождении __
j Шифр хранения ББК 65.9(2)
i Авторский знак В 29
901 Тип документа __
t Тип документа m
938 Служебная информация __
a Название организации Головной вуз
b Имя БД BOOK
c Название АИБС АИБС ИРБИС
938 Служебная информация __
a Название организации Сыктывкарский филиал